Together with Chemistry Solution-XI (Record no. 2791)
[ view plain ]
| 000 -LEADER | |
|---|---|
| fixed length control field | 00242nam a22000857a 4500 |
| 008 - FIXED-LENGTH DATA ELEMENTS--GENERAL INFORMATION | |
| fixed length control field | 160816b xxu||||| |||| 00| 0 eng d |
| 100 ## - MAIN ENTRY--PERSONAL NAME | |
| 9 (RLIN) | 136 |
| Personal name | Manchanda R.P |
| 245 ## - TITLE STATEMENT | |
| Title | Together with Chemistry Solution-XI |
| 260 ## - PUBLICATION, DISTRIBUTION, ETC. (IMPRINT) | |
| Place of publication, distribution, etc. | New Delhi |
| Name of publisher, distributor, etc. | R.S publication |
| Date of publication, distribution, etc. | 2002 |
| Withdrawn status | Lost status | Source of classification or shelving scheme | Damaged status | Koha normalized classification for sorting | Not for loan | Home library | Current library | Shelving location | Date acquired | Total Checkouts | Total Renewals | Full call number | Barcode | Date last seen | Date last checked out | Price effective from | Koha item type |
|---|---|---|---|---|---|---|---|---|---|---|---|---|---|---|---|---|---|
| Dewey Decimal Classification | 540_000000000000000 | Good Samaritan School Library | Good Samaritan School Library | Chemistry | 08/16/2016 | 4 | 1 | 540 | MAN7543 | 08/28/2019 | 08/21/2019 | 08/16/2016 | BOOK |